Statystyki dla Kadra Gościbi Sułkowice 21/22

Kliknij tutaj aby rozwiązać quiz!

Ogólne statystyki

  • Ten quiz został rozwiązany 30 razy
  • Średni wynik to 18 z 22

Statystyki odpowiedzi

HintOdpowiedź% Poprawnych
3Kamil Ptak
100%
21Adrian Śmiłek
95%
4Dawid Ptak
95%
1Marcin Biela
95%
6Oliwier Oliwa
95%
2Radosław Blak
95%
20Szymon Filipek
95%
17Karol Oliwa
90%
16Filip Turek
85%
22Kacper Włoch
85%
5Krystian Kuzia
85%
10Mateusz Mielecki
85%
8Oskar Stokłosa
85%
19Szymon Biela
85%
15Dominik Sobesto
80%
7Jakub Puć
80%
12Przemysław Gibas
80%
13Mikołaj Starzec
75%
14Bartek Betlej
70%
18Konrad Srania
65%
11Krzysztof Boczkaja
65%
9Eryk Nykiel
60%

Rozkład punktacji

Percentyl według liczby udzielonych odpowiedzi

Procent ludzi z każdym wynikiem

Twoja historia wyników

Nie rozwiązałeś tego quizu